000 00560nam a2200181Ia 4500
005 20250508151120.0
008 008 250505s9999 xx 000 0 eng d
037 _aTextual
040 _aFEDL
_beng
_cFEDL
041 _aeng
_2eng
084 _a153.92, KEL
_qFEDL
100 _aKelley Truman L.
_9757397
245 0 _aCrossroads in the mind of man: A study of differentiable mental abilities
260 _aCalifornia, USA
_bStanford University Press
_c1928
300 _avii,238p
942 _cTEXL
_h153.92, KEL
999 _c1327666
_d1327666